| 000 | 00629cab a2200229 4500 | ||
|---|---|---|---|
| 001 | X147 | ||
| 008 | 090401t1992 xxu||||| |||| 00| 0 eng d | ||
| 035 | _a(Sirsi) u64156 | ||
| 041 | _aeng | ||
| 245 | _aChartered surveyors open up new markets | ||
| 260 | _c1992 | ||
| 350 | _a0 | ||
| 490 |
_aRICS Press Release _vPR46/92 1 April 1992 (2) |
||
| 650 | _aASSOCIATION OF EUROPEAN BUILDING SURVEYORS | ||
| 650 | _aABOUT RICS-RICS MEMBERS | ||
| 650 | _aDAVID TUFFIN | ||
| 650 | _aEUROPE | ||
| 650 | _aEUROPEAN MARKET | ||
| 690 | _aMANAGEMENT-BUSINESS MANAGEMENT-PROFESSIONAL PRACTICE | ||
| 942 | _n0 | ||
| 948 | _c04/03/1997 | ||
| 999 |
_c39944 _d39944 |
||